00352nam a2200133Ia 4500008004100000020000900041040001500050041001200065082001900077100001500096245006500111260002700176300001500203230917s9999||||xx |||||||||||||| ||und|| cRS38 e7057aMAIN aEnglish a320.50954 S64F aSingh, V B 0aFrom Naoroji to Nehru: Six essays in Indian economic thought aDelhibMacmillanc1975 avi, 174 p.